[Event "Yerevan Margaryan Memorial IM"]
[Site "Yerevan"]
[Date "2025.01.13"]
[Round "6"]
[White "Shahinyan, Vladimir"]
[Black "Zakaryan, David"]
[Result "0-1"]
[WhiteElo "2227"]
[BlackElo "2317"]
[PlyCount "78"]
[EventDate "2025.01.08"]
[EventType "tourn"]
[EventRounds "9"]
[EventCountry "ARM"]
[EventCategory "2"]
[SourceTitle "CB04_2025"]
[SourceDate "2025.01.22"]
[SourceVersion "1"]
[SourceVersionDate "2025.01.22"]
[SourceQuality "1"]

1. e4 c5 2. Nc3 d6 3. Nf3 Nf6 4. d4 cxd4 5. Nxd4 a6 6. Qf3 Nbd7 7. Be3 e6 8. 0-0-0 Qc7 9. Qg3 Nc5 10. f3 Bd7 11. Nb3 Na4 12. Nxa4 Bxa4 13. Qf2 Nd7 14. Bd4 e5 15. Be3 Be7 16. Kb1 0-0 17. Nc1 Bc6 18. Ne2 b5 19. Nc3 Nf6 20. Nd5 Nxd5 21. exd5 Bd7 22. f4 f5 23. fxe5 dxe5 24. d6 Bxd6 25. Qd2 f4 26. Qxd6 Qxd6 27. Rxd6 fxe3 28. Rxd7 Rf2 29. Kc1 Raf8 30. Bxb5 axb5 31. Re1 Rxg2 32. Rxe3 Rf1+ 33. Rd1 Rff2 34. Rc3 Rxh2 35. b3 b4 36. Rc8+ Kf7 37. Rd7+ Ke6 38. Rxg7 Rh1+ 39. Kb2 Rff1 0-1

[Event "Yerevan Margaryan Memorial IM"]
[Site "Yerevan"]
[Date "2025.01.08"]
[Round "1"]
[White "Hovakimyan, Vache"]
[Black "Zakaryan, David"]
[Result "0-1"]
[WhiteElo "2299"]
[BlackElo "2317"]
[PlyCount "132"]
[EventDate "2025.01.08"]
[EventType "tourn"]
[EventRounds "9"]
[EventCountry "ARM"]
[EventCategory "2"]
[SourceTitle "CB04_2025"]
[SourceDate "2025.01.22"]
[SourceVersion "1"]
[SourceVersionDate "2025.01.22"]
[SourceQuality "1"]

1. c4 e5 2. Nc3 Nf6 3. Nf3 e4 4. Ng5 c6 5. Qa4 d5 6. cxd5 b5 7. Qc2 cxd5 8. Nxb5 Na6 9. Qc6+ Qd7 10. Qxa8 Bc5 11. g3 Ng4 12. Bh3 h5 13. Nxe4 dxe4 14. Qxe4+ Kd8 15. Qd3 Qxd3 16. exd3 Re8+ 17. Kf1 Bf5 18. Bxg4 Bxd3+ 19. Kg2 hxg4 20. Nc3 Nb4 21. h3 Nc2 22. hxg4 Nxa1 23. Rh5 Re1 24. Rxc5 Bf1+ 25. Kf3 Rxc1 26. Ra5 a6 27. d3 Rc2 28. Rxa6 Rxb2 29. Ra8+ Kd7 30. Ra7+ Ke6 31. Ra6+ Ke5 32. Ra7 Rc2 33. Re7+ Kd6 34. Re1 Rxc3 35. Rxf1 Nc2 36. Ke4 Ra3 37. Rb1 Ra4+ 38. Kf3 Nb4 39. Rb3 Nc6 40. Ke3 Rxa2 41. g5 Ne7 42. Rb7 Nd5+ 43. Kf3 Ne7 44. Rb6+ Kc7 45. Rb4 Ra5 46. Kg4 Nc6 47. Rf4 Kd6 48. Kh4 Ne5 49. Kh3 Ke6 50. Re4 Kd6 51. Rf4 Ra7 52. Rd4+ Kc5 53. Rd8 Rd7 54. d4+ Kxd4 55. Rg8 g6 56. f4 Nc4 57. Re8 Ra7 58. Kg2 Nd2 59. g4 Ne4 60. f5 Ra2+ 61. Kg1 Nxg5 62. fxg6 fxg6 63. Rf8 Ke3 64. Kf1 Nf3 65. Re8+ Kf4 66. Rf8+ Ke5 0-1

[Event "Yerevan op-A 6th"]
[Site "Yerevan"]
[Date "2024.12.09"]
[Round "7"]
[White "Hakobyan, Erik"]
[Black "Zakaryan, David"]
[Result "1/2-1/2"]
[WhiteElo "2409"]
[BlackElo "2279"]
[PlyCount "130"]
[EventDate "2024.12.05"]
[EventType "swiss"]
[EventRounds "9"]
[EventCountry "ARM"]
[SourceTitle "CB51_2024"]
[SourceDate "2024.12.18"]
[SourceVersion "1"]
[SourceVersionDate "2024.12.18"]
[SourceQuality "1"]

1. e4 c5 2. Nf3 e6 3. d4 cxd4 4. Nxd4 Nc6 5. Nc3 Qc7 6. Be3 a6 7. g4 Nxd4 8. Qxd4 b5 9. a3 Bb7 10. Be2 Rc8 11. f4 f6 12. Rf1 Bc5 13. Qd3 Ne7 14. Bxc5 Qxc5 15. 0-0-0 Rc7 16. Rf3 0-0 17. Rh3 Ng6 18. Rf1 e5 19. Rh5 Nxf4 20. Rxf4 g6 21. Rf1 gxh5 22. gxh5 Kh8 23. h6 Qe7 24. Nd1 f5 25. exf5 Rc6 26. Ne3 Rd6 27. Qc3 Rd4 28. Kb1 Be4 29. Rg1 Qd6 30. Qe1 Bxf5 31. Nxf5 Rxf5 32. Bd3 Rf8 33. Qg3 Qxh6 34. Qxe5+ Qf6 35. Qc7 Qd6 36. Qb7 Rd5 37. Re1 Rg5 38. Qe4 Rg7 39. Ka2 Rf6 40. Qh4 Qd5+ 41. b3 Rf8 42. Qb4 d6 43. Qa5 Qc5 44. Qd2 a5 45. Qh6 d5 46. Re5 Qd4 47. Qd6 Qf4 48. Qxd5 b4 49. Qxa5 bxa3 50. Rh5 Qf6 51. Qe5 Qxe5 52. Rxe5 Rf2 53. h4 Rh2 54. h5 Rc7 55. Kxa3 Kg7 56. b4 Kf6 57. Rf5+ Ke6 58. Kb3 Rh1 59. Kb2 Rc4 60. Rb5 Rch4 61. Rb6+ Kd7 62. Bxh7 Kc7 63. Rb5 Rxh5 64. Rxh5 Rxh5 65. Bd3 Rh3 1/2-1/2

[Event "RUS Cup tt"]
[Site "Sochi"]
[Date "2024.12.01"]
[Round "5.7"]
[White "Zakaryan, David"]
[Black "Obgolts, Erik"]
[Result "1/2-1/2"]
[WhiteElo "2279"]
[BlackElo "2419"]
[PlyCount "61"]
[EventDate "2024.11.27"]
[EventType "team-swiss"]
[EventRounds "7"]
[EventCountry "RUS"]
[SourceTitle "CB50_2024"]
[SourceDate "2024.11.01"]
[SourceVersion "1"]
[SourceVersionDate "2024.11.01"]
[SourceQuality "2"]
[WhiteTeam "Krasnodarsk Region"]
[BlackTeam "Novosibirsk Region"]
[WhiteTeamCountry "RUS"]
[BlackTeamCountry "RUS"]

1. e4 c5 2. d4 cxd4 3. Qxd4 Nc6 4. Qd3 g6 5. Nc3 Bg7 6. Nf3 d6 7. Be2 Nf6 8. 0-0 0-0 9. Nd5 Nd7 10. c3 Nc5 11. Qc2 e6 12. Ne3 f5 13. exf5 gxf5 14. Rd1 d5 15. Nf1 Qf6 16. Ng3 Qg6 17. Nh4 Qf6 18. Nf3 Qg6 19. Nh4 Qf6 20. Nf3 Qg6 21. Be3 Ne4 22. Qc1 e5 23. Rxd5 f4 24. Nxe4 Qxe4 25. Nd2 Qxd5 26. Bc4 Qxc4 27. Nxc4 fxe3 28. Qxe3 Be6 29. Nd6 b6 30. Qe4 Na5 31. Nb5 1/2-1/2

[Event "RUS-ch Higher League 74th"]
[Site "Nizhnij Novgorod"]
[Date "2024.07.02"]
[Round "6"]
[White "Zakaryan, David"]
[Black "Rozum, Ivan"]
[Result "1/2-1/2"]
[WhiteElo "2295"]
[BlackElo "2490"]
[PlyCount "67"]
[EventDate "2024.06.26"]
[EventType "swiss"]
[EventRounds "9"]
[EventCountry "RUS"]
[SourceTitle "EXT 2025"]
[Source "ChessBase"]
[SourceDate "2024.10.14"]
[SourceVersion "1"]
[SourceVersionDate "2024.10.14"]
[SourceQuality "1"]

1. e4 c5 2. Nf3 d6 3. d4 cxd4 4. Nxd4 Nf6 5. Nc3 a6 6. Bg5 e6 7. f4 Be7 8. Qf3 Qc7 9. 0-0-0 Nbd7 10. g4 h6 11. h4 Nb6 12. Bxf6 Bxf6 13. g5 Bxd4 14. Rxd4 Qc5 15. Rd2 Bd7 16. Be2 Na4 17. Nxa4 Bxa4 18. Rhd1 hxg5 19. hxg5 0-0-0 20. b3 Bc6 21. Rd4 Rh2 22. b4 Qb6 23. Bc4 Ba4 24. Bb3 Bxb3 25. axb3 Kb8 26. Qg3 Rh1 27. Qd3 Rxd1+ 28. Qxd1 Rh8 29. Kb2 Rh1 30. Qd2 Rh2 31. Qd3 Rh3 32. Qd2 Rh2 33. Qd3 Rh3 34. Qd2 1/2-1/2

[Event "RUS-chT2"]
[Site "Sochi"]
[Date "2024.05.07"]
[Round "6.17"]
[White "Potapov, Pavel"]
[Black "Zakaryan, David"]
[Result "1/2-1/2"]
[WhiteElo "2464"]
[BlackElo "2291"]
[PlyCount "29"]
[EventDate "2024.05.01"]
[EventType "team-swiss"]
[EventRounds "9"]
[EventCountry "RUS"]
[SourceTitle "CBM 220 Extra"]
[Source "ChessBase"]
[SourceDate "2024.07.31"]
[SourceVersion "1"]
[SourceVersionDate "2024.07.31"]
[SourceQuality "1"]
[WhiteTeam "Qmal QNAO"]
[BlackTeam "Krasnodarsk Region"]
[WhiteTeamCountry "RUS"]
[BlackTeamCountry "RUS"]

1. e4 e5 2. Nf3 Nc6 3. Nc3 Nf6 4. d4 exd4 5. Nxd4 Bb4 6. Nxc6 bxc6 7. Bd3 d5 8. exd5 0-0 9. 0-0 cxd5 10. Bg5 Be6 11. Qf3 c5 12. h3 h6 13. Bh4 c4 14. Be2 Re8 15. Bxf6 1/2-1/2

[Event "Titled Tuesday intern op 16th Jan Early"]
[Site "Chess.com INT"]
[Date "2024.01.16"]
[Round "10"]
[White "Khamdamova, Afruza"]
[Black "Zakaryan, David"]
[Result "1-0"]
[WhiteElo "2327"]
[BlackElo "2299"]
[PlyCount "73"]
[EventDate "2024.01.16"]
[EventType "swiss (blitz)"]
[EventRounds "11"]
[EventCountry "USA"]
[SourceTitle "CBM 218 Extra"]
[Source "ChessBase"]
[SourceDate "2024.03.31"]
[SourceVersion "1"]
[SourceVersionDate "2024.03.31"]
[SourceQuality "1"]

1. e4 c5 2. Nf3 Nc6 3. d4 Nxd4 4. Nxd4 c4 5. Bxc4 e6 6. 0-0 a6 7. Nc3 b5 8. Be2 Bb7 9. a3 Qc7 10. Be3 Nf6 11. Qd3 h5 12. h3 Rc8 13. f4 d6 14. Rad1 Be7 15. Nf3 d5 16. exd5 exd5 17. Ne5 0-0 18. Bd4 Rfd8 19. Kh1 b4 20. axb4 Bxb4 21. Bf3 h4 22. Ng4 Nh5 23. Nh6+ gxh6 24. Bxh5 Qd7 25. Qf3 Kh7 26. f5 Rg8 27. f6 Rg5 28. Bg4 Qd6 29. Bxc8 Bxc8 30. Rde1 Ba5 31. Re7 Bc7 32. Rxf7+ Kg8 33. Rxc7 Qxc7 34. f7+ Kf8 35. Qe3 Qd7 36. Bc5+ Qe7 37. Qxe7+ 1-0

[Event "Titled Tuesday intern op 16th Jan Early"]
[Site "Chess.com INT"]
[Date "2024.01.16"]
[Round "6"]
[White "Toktomushev, Teimur"]
[Black "Zakaryan, David"]
[Result "0-1"]
[WhiteElo "2249"]
[BlackElo "2299"]
[PlyCount "58"]
[EventDate "2024.01.16"]
[EventType "swiss (blitz)"]
[EventRounds "11"]
[EventCountry "USA"]
[SourceTitle "CBM 218 Extra"]
[Source "ChessBase"]
[SourceDate "2024.03.31"]
[SourceVersion "1"]
[SourceVersionDate "2024.03.31"]
[SourceQuality "1"]

1. d4 Nf6 2. c4 e6 3. Nf3 Bb4+ 4. Bd2 Be7 5. g3 0-0 6. Bg2 d5 7. 0-0 c6 8. Bf4 b6 9. Qc2 Bb7 10. Nbd2 Nbd7 11. e4 dxe4 12. Nxe4 Nxe4 13. Qxe4 Nf6 14. Qc2 c5 15. Rad1 cxd4 16. Nxd4 Bxg2 17. Kxg2 Qc8 18. Qe2 Rd8 19. b3 Qc5 20. Nb5 a6 21. Nc3 b5 22. Be3 Qb4 23. Rc1 Rac8 24. Bd2 bxc4 25. bxc4 Qxc4 26. Qxc4 Rxc4 27. Be3 Rdc8 28. Rc2 Rxc3 29. Rb2 Nd5 0-1

[Event "Yerevan Margaryan Memorial IM"]
[Site "Yerevan"]
[Date "2024.01.10"]
[Round "3"]
[White "Kaiyrbekov, Rustam"]
[Black "Zakaryan, David"]
[Result "0-1"]
[WhiteElo "2295"]
[BlackElo "2299"]
[PlyCount "88"]
[EventDate "2024.01.08"]
[EventType "tourn"]
[EventRounds "9"]
[EventCountry "ARM"]
[EventCategory "2"]
[SourceTitle "CBM 218 Extra"]
[Source "ChessBase"]
[SourceDate "2024.03.31"]
[SourceVersion "1"]
[SourceVersionDate "2024.03.31"]
[SourceQuality "1"]

1. d4 Nf6 2. Nf3 g6 3. Bg5 Bg7 4. Nbd2 0-0 5. c3 h6 6. Bh4 d6 7. e4 c5 8. Be2 cxd4 9. cxd4 Nh5 10. Nb3 a5 11. a4 Qb6 12. 0-0 g5 13. Bg3 Nxg3 14. hxg3 Bg4 15. Qd3 Nc6 16. Rfd1 Nb4 17. Qb5 Qa7 18. Rac1 b6 19. Bf1 Bd7 20. Qe2 Bxa4 21. Qe3 Rac8 22. e5 Qd7 23. Nfd2 Qe6 24. Bc4 Qg6 25. f4 Bd7 26. Nf3 b5 27. Be2 Nd5 28. Qd2 gxf4 29. gxf4 a4 30. Na5 Qg3 31. f5 Nf4 32. Bd3 Rxc1 33. Rxc1 Nxd3 34. Qxd3 Qf4 35. Rc7 Bxf5 36. Qxb5 Be4 37. Qxa4 Bxf3 38. gxf3 Qg3+ 39. Kf1 Qxf3+ 40. Ke1 Ra8 41. Qb4 dxe5 42. dxe5 Bxe5 43. Rxe7 Bg3+ 44. Kd2 Rd8+ 0-1

[Event "Titled Tuesday intern op 21st Nov Late"]
[Site "Chess.com INT"]
[Date "2023.11.21"]
[Round "2"]
[White "Maisuradze, Nino"]
[Black "Zakaryan, David"]
[Result "0-1"]
[WhiteElo "2253"]
[BlackElo "2299"]
[PlyCount "66"]
[EventDate "2023.11.21"]
[EventType "swiss (blitz)"]
[EventRounds "11"]
[EventCountry "USA"]
[SourceTitle "EXT 2025"]
[Source "ChessBase"]
[SourceDate "2024.10.14"]
[SourceVersion "1"]
[SourceVersionDate "2024.10.14"]
[SourceQuality "1"]

1. d4 Nf6 2. Nf3 e6 3. e3 b6 4. b3 Bb7 5. Bb2 Be7 6. Nbd2 0-0 7. Bd3 c5 8. 0-0 cxd4 9. exd4 d6 10. c4 Nbd7 11. Re1 Re8 12. Rc1 Nf8 13. Qe2 Ng6 14. g3 Rc8 15. Ne4 Qc7 16. Nxf6+ Bxf6 17. Be4 Qb8 18. Bxb7 Qxb7 19. Nd2 Bg5 20. Rcd1 Bxd2 21. Rxd2 d5 22. h4 h6 23. h5 Ne7 24. Ba3 dxc4 25. bxc4 Qa6 26. Bxe7 Rxe7 27. d5 Qxc4 28. dxe6 Rxe6 29. Qd1 Rce8 30. Rxe6 Qxe6 31. Rd7 a5 32. Kh2 Qxa2 33. Rc7 Qxf2+ 0-1

[Event "Titled Tuesday intern op 21st Nov Early"]
[Site "Chess.com INT"]
[Date "2023.11.21"]
[Round "9"]
[White "Pinto, Daniel"]
[Black "Zakaryan, David"]
[Result "0-1"]
[WhiteElo "2268"]
[BlackElo "2299"]
[PlyCount "66"]
[EventDate "2023.11.21"]
[EventType "swiss (blitz)"]
[EventRounds "11"]
[EventCountry "USA"]
[SourceTitle "EXT 2025"]
[Source "ChessBase"]
[SourceDate "2024.10.14"]
[SourceVersion "1"]
[SourceVersionDate "2024.10.14"]
[SourceQuality "1"]

1. e4 e5 2. Nf3 Nc6 3. Bb5 a6 4. Ba4 f5 5. d3 fxe4 6. dxe4 Nf6 7. 0-0 d6 8. h3 Be7 9. Nc3 0-0 10. Bb3+ Kh8 11. Ng5 Qe8 12. f4 Nd4 13. f5 Nxb3 14. axb3 h6 15. Nf3 Nh5 16. g4 Nf4 17. Bxf4 exf4 18. e5 dxe5 19. Ne4 b6 20. Qd5 Ra7 21. Nxe5 Bb7 22. Qe6 Kh7 23. Ng6 Rf7 24. Rae1 Bc8 25. Qe5 c5 26. Nf6+ gxf6 27. Qxf4 Qc6 28. Re4 Bb7 29. Rfe1 Ba8 30. Qg3 Bf8 31. Qh4 Bg7 32. Qg3 Rad7 33. Qf2 Rd4 0-1

[Event "Titled Tuesday intern op 21st Nov Late"]
[Site "Chess.com INT"]
[Date "2023.11.21"]
[Round "6"]
[White "Zakaryan, David"]
[Black "Grabinsky, Aaron"]
[Result "0-1"]
[WhiteElo "2299"]
[BlackElo "2370"]
[PlyCount "124"]
[EventDate "2023.11.21"]
[EventType "swiss (blitz)"]
[EventRounds "11"]
[EventCountry "USA"]
[SourceTitle "EXT 2025"]
[Source "ChessBase"]
[SourceDate "2024.10.14"]
[SourceVersion "1"]
[SourceVersionDate "2024.10.14"]
[SourceQuality "1"]

1. d4 e6 2. Nf3 Nf6 3. c4 Bb4+ 4. Bd2 Qe7 5. g3 Nc6 6. Bg2 Bxd2+ 7. Qxd2 Ne4 8. Qc2 Qb4+ 9. Kf1 d5 10. b3 0-0 11. a3 Qd6 12. Nc3 f5 13. e3 Bd7 14. Nb5 Qe7 15. cxd5 exd5 16. Nxc7 Rac8 17. Nxd5 Qf7 18. Nc3 Na5 19. Ne5 Rxc3 20. Qxc3 Nxc3 21. Nxf7 Kxf7 22. Rc1 Rc8 23. Bf3 Nxb3 24. Rc2 b6 25. Kg2 Kf6 26. Bb7 Rc7 27. Bf3 a5 28. Rd1 Bb5 29. d5 Rc5 30. Re1 g5 31. h3 Bd3 32. Rb2 a4 33. g4 Be4 34. gxf5 Kxf5 35. Bxe4+ Kxe4 36. f3+ Ke5 37. Kg3 Nxd5 38. Rh2 Rc3 39. h4 h6 40. hxg5 hxg5 41. Kg4 b5 42. Kxg5 b4 43. f4+ Ke4 44. f5 bxa3 45. Rh4+ Kd3 46. Rxa4 Nd2 47. e4 Nf3+ 48. Kg6 Nxe1 49. e5 Nf3 50. e6 Ne5+ 51. Kg7 Rc7+ 52. Kh6 Nc4 53. Rxa3+ Nxa3 54. f6 Nxf6 55. Kg6 Ne8 56. Kf5 Re7 57. Ke5 Nc7 58. Kd6 Rxe6+ 59. Kc5 Na6+ 60. Kd5 Rb6 61. Ke5 Nc4+ 62. Kd5 Rd6# 0-1

[Event "Titled Tuesday intern op 21st Nov Early"]
[Site "Chess.com INT"]
[Date "2023.11.21"]
[Round "7"]
[White "Zakaryan, David"]
[Black "Ibarra Jerez, Jose Carlos"]
[Result "1/2-1/2"]
[WhiteElo "2299"]
[BlackElo "2567"]
[PlyCount "126"]
[EventDate "2023.11.21"]
[EventType "swiss (blitz)"]
[EventRounds "11"]
[EventCountry "USA"]
[SourceTitle "EXT 2025"]
[Source "ChessBase"]
[SourceDate "2024.10.14"]
[SourceVersion "1"]
[SourceVersionDate "2024.10.14"]
[SourceQuality "1"]

1. d4 Nf6 2. c4 d6 3. Nc3 e5 4. Nf3 e4 5. Ng5 Qe7 6. h4 h6 7. Nh3 c6 8. g3 g6 9. Nf4 Bf5 10. Bg2 h5 11. Qb3 Bg7 12. Be3 0-0 13. Qa3 a6 14. Rd1 Nbd7 15. Nh3 b5 16. Bf4 c5 17. dxc5 dxc5 18. Bd6 Qe8 19. Qa5 Qd8 20. Qxd8 Rfxd8 21. Ng5 Re8 22. cxb5 axb5 23. Nxb5 Rxa2 24. Nc7 Rb8 25. Nd5 Nxd5 26. Bxb8 Rxb2 27. Rxd5 Bc3+ 28. Kd1 Rxb8 29. Bxe4 Nf6 30. Rxf5 gxf5 31. Bxf5 Rb2 32. Bd3 c4 33. Bc2 Ng4 34. Ne4 Bd4 35. Kc1 Ra2 36. Rd1 Bxf2 37. Rd8+ Kg7 38. Rc8 Be3+ 39. Kb1 Ra7 40. Rxc4 Bh6 41. Ng5 Rb7+ 42. Ka2 Ne3 43. Rc3 Nd5 44. Rb3 Rc7 45. Kb1 Nc3+ 46. Kb2 Nxe2 47. Bd1 Nd4 48. Rd3 Nf5 49. Bxh5 Rb7+ 50. Kc2 Re7 51. Kd2 f6 52. Bg4 Kg6 53. Rd5 Ng7 54. Kd1 fxg5 55. hxg5 Bxg5 56. Be2 Bf6 57. Bd3+ Kf7 58. Bc4 Ne6 59. Rd6 Be5 60. Rxe6 Rxe6 61. Bxe6+ Kxe6 62. g4 Bf4 63. g5 Bxg5 1/2-1/2

[Event "Titled Tuesday intern op 21st Nov Late"]
[Site "Chess.com INT"]
[Date "2023.11.21"]
[Round "3"]
[White "Zakaryan, David"]
[Black "Rangel, Daniel"]
[Result "1-0"]
[WhiteElo "2299"]
[BlackElo "2176"]
[PlyCount "111"]
[EventDate "2023.11.21"]
[EventType "swiss (blitz)"]
[EventRounds "11"]
[EventCountry "USA"]
[SourceTitle "EXT 2025"]
[Source "ChessBase"]
[SourceDate "2024.10.14"]
[SourceVersion "1"]
[SourceVersionDate "2024.10.14"]
[SourceQuality "1"]

1. Nf3 Nf6 2. c4 g6 3. Nc3 Bg7 4. e4 d6 5. d4 0-0 6. h3 c5 7. Be3 cxd4 8. Nxd4 Nc6 9. Be2 Nxd4 10. Bxd4 Bd7 11. 0-0 Bc6 12. Qc2 Nd7 13. Bxg7 Kxg7 14. b4 b6 15. f4 Qc7 16. Qd2 a5 17. a3 axb4 18. axb4 Rxa1 19. Rxa1 Ra8 20. Rxa8 Bxa8 21. Qa2 Bb7 22. Qa7 Qb8 23. Qxb8 Nxb8 24. Kf2 Nd7 25. Ke3 Kf8 26. g4 e6 27. g5 Bc6 28. h4 Kg7 29. Bg4 h5 30. Bd1 Kf8 31. Ne2 f5 32. exf5 exf5 33. Nc3 Nb8 34. Kd4 Ke7 35. Ba4 Bb7 36. Bb5 Bc6 37. Nd5+ Bxd5 38. Kxd5 Nd7 39. Bxd7 Kxd7 40. b5 Ke7 41. Kc6 Ke6 42. Kxb6 d5 43. cxd5+ Kxd5 44. Kc7 Ke4 45. b6 Kxf4 46. b7 Kg4 47. b8Q f4 48. Qb6 Kxh4 49. Qxg6 f3 50. Qf6 Kg3 51. g6 f2 52. g7 f1Q 53. g8Q+ Kh2 54. Qh4+ Qh3 55. Qf2+ Kh1 56. Qfg1# 1-0

[Event "Titled Tuesday intern op 21st Nov Early"]
[Site "Chess.com INT"]
[Date "2023.11.21"]
[Round "4"]
[White "Zakaryan, David"]
[Black "Sroczynski, Maciej"]
[Result "1-0"]
[WhiteElo "2299"]
[BlackElo "2266"]
[PlyCount "103"]
[EventDate "2023.11.21"]
[EventType "swiss (blitz)"]
[EventRounds "11"]
[EventCountry "USA"]
[SourceTitle "EXT 2025"]
[Source "ChessBase"]
[SourceDate "2024.10.14"]
[SourceVersion "1"]
[SourceVersionDate "2024.10.14"]
[SourceQuality "1"]

1. e4 c5 2. Nf3 d6 3. d4 cxd4 4. Nxd4 Nf6 5. Nc3 a6 6. Be3 e5 7. Nf3 h6 8. Bc4 Qc7 9. Qe2 b5 10. Nd5 Nxd5 11. Bxd5 Bb7 12. a4 b4 13. a5 Nd7 14. 0-0 Be7 15. Rfc1 Bxd5 16. exd5 0-0 17. c4 bxc3 18. Rxc3 Qb7 19. Rc6 Nf6 20. Qd2 Rab8 21. Bb6 Rfc8 22. Rac1 Qd7 23. h3 Bd8 24. Qc2 Rxc6 25. dxc6 Qc8 26. c7 Bxc7 27. Qxc7 Qxc7 28. Rxc7 e4 29. Nd4 d5 30. b4 Ne8 31. Rd7 Rc8 32. Rd8 Rxd8 33. Bxd8 Nd6 34. Bc7 Nc8 35. b5 axb5 36. Nxb5 Kf8 37. a6 Ke7 38. a7 Nxa7 39. Nxa7 d4 40. Bb6 d3 41. Be3 Kd6 42. Nb5+ Kd5 43. Nc3+ Ke5 44. g3 f5 45. h4 h5 46. Kf1 Kd6 47. Ke1 Ke5 48. Kd2 g6 49. Kc1 f4 50. Bxf4+ Kf5 51. Be3 Ke5 52. Kb2 1-0

[Event "Titled Tuesday intern op 14th Nov Late"]
[Site "Chess.com INT"]
[Date "2023.11.14"]
[Round "1"]
[White "Gurevich, Dmitry"]
[Black "Zakaryan, David"]
[Result "0-1"]
[WhiteElo "2377"]
[BlackElo "2299"]
[PlyCount "62"]
[EventDate "2023.11.14"]
[EventType "swiss (blitz)"]
[EventRounds "11"]
[EventCountry "USA"]
[SourceTitle "EXT 2025"]
[Source "ChessBase"]
[SourceDate "2024.10.14"]
[SourceVersion "1"]
[SourceVersionDate "2024.10.14"]
[SourceQuality "1"]

1. d4 Nf6 2. c4 e6 3. Nf3 d5 4. Nc3 Bb4 5. e3 0-0 6. Bd3 dxc4 7. Bxc4 c5 8. 0-0 cxd4 9. exd4 b6 10. Bg5 Bb7 11. Qe2 Nbd7 12. Rad1 Bxc3 13. bxc3 Qc7 14. Ne5 Nxe5 15. dxe5 Ne4 16. Bd2 Rac8 17. Bd3 Nxd2 18. Rxd2 Qxc3 19. Bb1 Rfd8 20. Rc2 Qa3 21. Rxc8 Rxc8 22. Rd1 Rc1 23. h3 Bd5 24. Kh2 Rxd1 25. Qxd1 Qb4 26. Qc2 g6 27. Qc1 Qc5 28. Qg5 Qxf2 29. h4 h6 30. Qg4 Kg7 31. a4 Qe3 0-1

[Event "Titled Tuesday intern op 07th Nov Late"]
[Site "Chess.com INT"]
[Date "2023.11.08"]
[Round "11"]
[White "Zakaryan, David"]
[Black "Kotyk, Michael"]
[Result "0-1"]
[WhiteElo "2299"]
[BlackElo "2128"]
[PlyCount "172"]
[EventDate "2023.11.07"]
[EventType "swiss (blitz)"]
[EventRounds "11"]
[EventCountry "USA"]
[SourceTitle "EXT 2025"]
[Source "ChessBase"]
[SourceDate "2024.10.14"]
[SourceVersion "1"]
[SourceVersionDate "2024.10.14"]
[SourceQuality "1"]

1. Nf3 f5 2. g3 Nf6 3. Bg2 g6 4. 0-0 Bg7 5. c4 0-0 6. Nc3 Nc6 7. Rb1 e5 8. d3 d6 9. b4 h6 10. b5 Ne7 11. a4 g5 12. Ba3 Ng6 13. a5 Rb8 14. Nd2 Be6 15. a6 b6 16. Nd5 Nd7 17. Nb4 Qe8 18. Bb2 Nc5 19. Nb3 f4 20. Nxc5 dxc5 21. Nc6 Ra8 22. e3 Qd7 23. exf4 exf4 24. Re1 Bg4 25. Bd5+ Kh7 26. f3 Bh3 27. Bxg7 Qxg7 28. Qd2 fxg3 29. hxg3 Qf6 30. Re3 Bd7 31. Rbe1 Bxc6 32. Bxc6 Rad8 33. Be4 Rf7 34. Qc2 Kg7 35. Bxg6 Qxg6 36. Kg2 Qf6 37. Qf2 Rd4 38. Re6 Qf5 39. Re7 Qxd3 40. Rxf7+ Kxf7 41. Re2 Qxc4 42. Qe1 Rd7 43. Kh2 Qd3 44. Re3 Qd2+ 45. Qxd2 Rxd2+ 46. Kh3 Rb2 47. Rd3 Ke6 48. Rd8 Rxb5 49. Ra8 Ra5 50. Rxa7 Kd6 51. Ra8 Kc6 52. Kg4 c4 53. Re8 Rxa6 54. Kh5 Ra5 55. Kxh6 Rf5 56. Re3 b5 57. Kg6 Rd5 58. f4 gxf4 59. gxf4 b4 60. f5 Rd1 61. f6 c3 62. Rf3 Rd8 63. f7 Kc5 64. Rf5+ Kc4 65. Rf4+ Kb3 66. Re4 Rf8 67. Re7 c5 68. Rc7 c4 69. Kg7 Rxf7+ 70. Kxf7 c2 71. Ke6 c1Q 72. Kd6 Qf4+ 73. Kc5 Qxc7+ 74. Kb5 Qb8+ 75. Ka6 Qa8+ 76. Kb5 Qa4+ 77. Kc5 Qa5+ 78. Kd4 c3 79. Kd3 Qd5+ 80. Ke2 Kc2 81. Ke3 Kd1 82. Kf2 Kd2 83. Kg3 Ke3 84. Kh2 Qg8 85. Kh3 Kf3 86. Kh2 Qg2# 0-1

[Event "Titled Tuesday intern op 07th Nov Late"]
[Site "Chess.com INT"]
[Date "2023.11.07"]
[Round "8"]
[White "Brodsky, David"]
[Black "Zakaryan, David"]
[Result "0-1"]
[WhiteElo "2497"]
[BlackElo "2299"]
[PlyCount "120"]
[EventDate "2023.11.07"]
[EventType "swiss (blitz)"]
[EventRounds "11"]
[EventCountry "USA"]
[SourceTitle "EXT 2025"]
[Source "ChessBase"]
[SourceDate "2024.10.14"]
[SourceVersion "1"]
[SourceVersionDate "2024.10.14"]
[SourceQuality "1"]

1. e4 c5 2. Nf3 Nc6 3. d4 cxd4 4. Nxd4 Qc7 5. Nc3 e6 6. Be3 a6 7. a3 b5 8. Nxc6 dxc6 9. Qg4 Nf6 10. Qg3 e5 11. 0-0-0 Be6 12. Be2 a5 13. f4 b4 14. fxe5 Nh5 15. Bxh5 bxc3 16. Bd4 cxb2+ 17. Bxb2 g6 18. Bg4 Bxg4 19. Qxg4 Bh6+ 20. Kb1 Rb8 21. Rd3 0-0 22. Ka2 Rxb2+ 23. Kxb2 Qxe5+ 24. Ka2 Bg7 25. Rb1 h5 26. Qd7 Qxe4 27. Qb7 a4 28. Qb4 Qe6+ 29. c4 Qe2+ 30. Qd2 Qe4 31. Qc2 Kh7 32. Rbd1 Rb8 33. Rb1 Qe5 34. Rdd1 Re8 35. Qxa4 Qe2+ 36. Kb3 Rb8+ 37. Qb4 Be5 38. Qxb8 Bxb8 39. a4 Ba7 40. a5 Qxg2 41. a6 Qxh2 42. Rd7 Qg3+ 43. Ka4 Qe3 44. Rxf7+ Kh6 45. Rbb7 Bc5 46. Rb3 Qe1 47. Rb2 Qa1+ 48. Kb3 Qxa6 49. Rg2 Qb6+ 50. Kc2 Qb4 51. Kd3 Qb3+ 52. Ke4 Qxc4+ 53. Ke5 Qxf7 54. Rg3 Qd5+ 55. Kf6 Bd6 56. Rxg6+ Kh7 57. Rg7+ Kh8 58. Rh7+ Kg8 59. Rg7+ Kf8 60. Rg6 Qe5# 0-1